Amore grande amore libero (Guardiano del faro) (Record n. 99079)
[ formato base ]
| 000 -LEADER | |
|---|---|
| fixed length control field | 02219njm a2200397Ia 4500 |
| 001 - CONTROL NUMBER | |
| control field | 24154 |
| 003 - CONTROL NUMBER IDENTIFIER | |
| control field | IT-RoPAU |
| 005 - DATE AND TIME OF LATEST TRANSACTION | |
| control field | 20220918181112.0 |
| 008 - FIXED-LENGTH DATA ELEMENTS--GENERAL INFORMATION | |
| fixed length control field | 131025s9999 xx 000 0 und d |
| 040 ## - CATALOGING SOURCE | |
| Original cataloging agency | IT-RoPAU |
| 040 ## - CATALOGING SOURCE | |
| Transcribing agency | IT-RoPAU |
| 999 ## - SYSTEM CONTROL NUMBERS (KOHA) | |
| Koha Dewey Subclass [OBSOLETE] | n.d. |
| 100 ## - MAIN ENTRY--PERSONAL NAME | |
| Personal name | AA.VV. |
| 9 (RLIN) | 794 |
| 100 ## - MAIN ENTRY--PERSONAL NAME | |
| Relator term | Autore musica |
| 9 (RLIN) | 9242 |
| 100 ## - MAIN ENTRY--PERSONAL NAME | |
| Miscellaneous information | Codice autore musica SPICS: 12000 |
| 9 (RLIN) | 796 |
| 245 ## - TITLE STATEMENT | |
| Title | Amore grande amore libero (Guardiano del faro) |
| 250 ## - EDITION STATEMENT | |
| Edition statement | 1a ed. |
| 260 ## - PUBLICATION, DISTRIBUTION, ETC. (IMPRINT) | |
| Place of publication, distribution, etc. | ROMA |
| 260 ## - PUBLICATION, DISTRIBUTION, ETC. (IMPRINT) | |
| Name of publisher, distributor, etc. | RCA (RADIO CORP. AMERICA) |
| Date of publication, distribution, etc. | 1975 [1a Ed.:1975 - Ed. Lingua Orig.: 1975] |
| 300 ## - PHYSICAL DESCRIPTION | |
| Extent | DISCO |
| 500 ## - GENERAL NOTE | |
| General note | Brani tratti dalle colonne sonore di film. Musica da film. Strumentale |
| 505 ## - FORMATTED CONTENTS NOTE | |
| Formatted contents note | Amore grande amore libero - Questa sera o mai più - Natalì - Pensiero segreto - From Russia With Love dal film "007 Dalla Russia con Amore" - Smoke Gets in Your Eyes - Il padrino II - My Little Friends dal film "Paper Tiger" - Vivere a due - You Are You - Una donna come te - Guarda è mattino |
| 650 ## - SUBJECT ADDED ENTRY--TOPICAL TERM | |
| Topical term or geographic name as entry element | COLONNA SONORA [DISCHI] |
| Relator term | Codice MATERIA SPICS: 9950 |
| 9 (RLIN) | 9243 |
| 700 ## - ADDED ENTRY--PERSONAL NAME | |
| Personal name | Guardiano del Faro |
| Miscellaneous information | Codice interprete SPICS: 10936 |
| Relator term | Interprete |
| 9 (RLIN) | 9244 |
| 700 ## - ADDED ENTRY--PERSONAL NAME | |
| Personal name | Libano Giulio |
| Relator term | Autore |
| Miscellaneous information | Codice autoreSPICS: 14450 |
| 9 (RLIN) | 9245 |
| 700 ## - ADDED ENTRY--PERSONAL NAME | |
| Personal name | Arfemo |
| Relator term | Autore musica |
| Miscellaneous information | Codice autore musica SPICS: 14447 |
| Name of part/section of a work | Amore grande amore libero - Questa sera o mai più - Pensiero segreto - Guarda è mattino |
| 9 (RLIN) | 9246 |
| 700 ## - ADDED ENTRY--PERSONAL NAME | |
| Personal name | Balsamo Umberto |
| Relator term | Autore musica |
| Miscellaneous information | Codice autore musica SPICS: 14454 |
| Name of part/section of a work | Natalì |
| 9 (RLIN) | 9247 |
| 700 ## - ADDED ENTRY--PERSONAL NAME | |
| Personal name | Bart Lionel |
| Relator term | Autore musica |
| Miscellaneous information | Codice autore musica SPICS: 14455 |
| Name of part/section of a work | From Russia With Love |
| 9 (RLIN) | 9248 |
| 700 ## - ADDED ENTRY--PERSONAL NAME | |
| Personal name | Harbach Otto |
| Relator term | Autore musica |
| Miscellaneous information | Codice autore musica SPICS: 14456 |
| Name of part/section of a work | Smoke Gets in Your Eyes |
| 9 (RLIN) | 9249 |
| 700 ## - ADDED ENTRY--PERSONAL NAME | |
| Personal name | Kern Jerome |
| Relator term | Autore |
| Miscellaneous information | Codice autore SPICS: 10779 |
| Name of part/section of a work | Smoke Gets in Your Eyes |
| 9 (RLIN) | 9250 |
| 700 ## - ADDED ENTRY--PERSONAL NAME | |
| Personal name | Rota Nino |
| Relator term | Autore musica |
| Miscellaneous information | Codice autore musica SPICS: 11128 |
| Name of part/section of a work | Il padrino II |
| 9 (RLIN) | 9251 |
| 700 ## - ADDED ENTRY--PERSONAL NAME | |
| Personal name | Budd Roy |
| Relator term | Autore musica |
| Miscellaneous information | Codice autore musica SPICS: 14457 |
| Name of part/section of a work | My Little Friends |
| 9 (RLIN) | 9252 |
| 700 ## - ADDED ENTRY--PERSONAL NAME | |
| Personal name | O'Sullivan Gilbert |
| Relator term | Autore musica |
| Miscellaneous information | Codice autore musica SPICS: 14458 |
| Name of part/section of a work | You Are You |
| 9 (RLIN) | 9253 |
| 700 ## - ADDED ENTRY--PERSONAL NAME | |
| Personal name | Ferrari F. |
| Relator term | Autore musica |
| Miscellaneous information | Codice autore musica SPICS: 14459 |
| Name of part/section of a work | Una donna come te |
| 9 (RLIN) | 9254 |
| 942 ## - ADDED ENTRY ELEMENTS (KOHA) | |
| Koha item type | DISCHI |
| Source of classification or shelving scheme | Dewey Decimal Classification |
| Withdrawn status | Lost status | Damaged status | Not for loan | Home library | Current library | Date acquired | Total Checkouts | Full call number | Date last seen | Price effective from | Koha item type | Public note |
|---|---|---|---|---|---|---|---|---|---|---|---|---|
| Buone Condizioni | Not For Loan | SPICS-MEDIATECA | SPICS-MEDIATECA | 25/10/2013 | 24154 | 25/10/2013 | 25/10/2013 | DISCHI | Progr. Ins.: 5001 / N.Vol.: 1 / Copie: 1 - Copia rara: n.d. / date import: 01.01.2014 - By Epidotti, Trombetti, Vaglietti |